Normal view MARC view
  • Ahmad, Muhammad Abdul Quddus

Entry Personal Name

Number of records used in: 1

001 - CONTROL NUMBER

  • control field: 1819

003 - CONTROL NUMBER IDENTIFIER

  • control field: OSt

005 - DATE AND TIME OF LATEST TRANSACTION

  • control field: 20170505143835.0

008 - FIXED-LENGTH DATA ELEMENTS

  • fixed length control field: 170505|| aca||aabn | a|a d

040 ## - CATALOGING SOURCE

  • Original cataloging agency: OSt
  • Transcribing agency: OSt

100 ## - HEADING--PERSONAL NAME

  • Personal name: Ahmad, Muhammad Abdul Quddus

670 ## - SOURCE DATA FOUND

  • Source citation: Work cat.: (OSt)0: Abu Bakar, Ahmad Muhammad 1817, Cara baru mengajar Tajwid dan hafalan Al-Qur'an /, 1995
Pusat Sumber Maklumat Dato' Haji Sarmin Md Hussin, Akademi Kastam Diraja Malaysia, Melaka
Tel: 06-2331106 | Faks: 06-2313787